|
|
|
|
| LEADER |
00000nam0a2200000 4500 |
| 001 |
92720 |
| 005 |
20231101213838.0 |
| 020 |
|
|
|a RU
|b 81-52408
|
| 035 |
|
|
|a (RuTPU)RU\TPU\book\99325
|
| 090 |
|
|
|a 92720
|
| 100 |
|
|
|a 20060317d1981 km y0rusy5003 ca
|
| 101 |
0 |
|
|a rus
|
| 102 |
|
|
|a RU
|
| 105 |
|
|
|a a z 001zy
|
| 200 |
1 |
|
|a Термические превращения координационных соединений в твердой фазе
|f Ю. Н. Кукушкин, В. Ф. Буданова, Г. Н. Седова
|
| 210 |
|
|
|a Ленинград
|c Изд-во ЛГУ
|d 1981
|
| 215 |
|
|
|a 176 с.
|
| 606 |
1 |
|
|a Комплексные соединения
|2 stltpush
|3 (RuTPU)RU\TPU\subj\15019
|9 41320
|
| 610 |
1 |
|
|a химия
|
| 610 |
1 |
|
|a координационные соединения
|
| 610 |
1 |
|
|a термические превращения
|
| 610 |
1 |
|
|a твердые фазы
|
| 610 |
1 |
|
|a типы
|
| 610 |
1 |
|
|a стехиометрия
|
| 610 |
1 |
|
|a термодинамика
|
| 610 |
1 |
|
|a кинетика
|
| 675 |
|
|
|a 546-386
|v 3
|
| 700 |
|
1 |
|a Кукушкин
|b Ю. Н.
|g Юрий Николаевич
|4 070
|
| 701 |
|
1 |
|a Буданова
|b В. Ф.
|g Валентина Феоктисовна
|
| 701 |
|
1 |
|a Седова
|b Г. Н.
|g Галина Николаевна
|
| 801 |
|
0 |
|a RU
|b RuMRKP
|c 19950704
|g psbo
|
| 801 |
|
1 |
|a RU
|b 63413507
|c 20060317
|g PSBO
|
| 801 |
|
2 |
|a RU
|b 63413507
|c 20151203
|g PSBO
|
| 942 |
|
|
|c BK
|